| 000 | 00904nam a22002777a 4500 | ||
|---|---|---|---|
| 003 | DO-SdBNP | ||
| 005 | 20230512130128.0 | ||
| 008 | 160914b 2005 ag ||| |||| 00| 0 spa d | ||
| 020 | _a9505118627 | ||
| 040 |
_aBPMSU _bspa _cBPMSU |
||
| 082 | 4 |
_a658.4092 _bM425l 2003 _222 |
|
| 100 | 1 | _aMateo, Juan | |
| 245 | 1 | 2 |
_aLiderazgo : _bel libro que da las claves para formar equipos en la empresa y en el deporte / _cJuan Mateo, Jorge Valdano. |
| 260 |
_aBuenos Aires, Argentina : _bAguilar, _c2005 |
||
| 300 |
_a326 p. ; _b22 cm. |
||
| 500 | _a | ||
| 500 | _aIncluye datos biográficos de los autores en la solapa de la cubierta | ||
| 504 | _aIncluye bibliografía, 322-323 | ||
| 590 | _6Inventariado, 2023/VM | ||
| 650 | 4 | _aLiderazgo | |
| 650 | 4 |
_a Liderazgo ejecutivo _v |
|
| 650 | _a | ||
| 700 | 1 | _aValdano, Jorge | |
| 910 | _aVMateo V. Control de calidad (BPMSU) | ||
| 942 |
_2ddc _cBK |
||
| 999 |
_c11371 _d11371 |
||